| 000 | 00463nam a2200157 i 4500 | ||
|---|---|---|---|
| 001 | 62999 | ||
| 003 | ES-MaACL | ||
| 005 | 20230906164750.0 | ||
| 007 | t| | ||
| 008 | 031127s1950 sp ||||1| spa d | ||
| 100 | 1 |
_aFernández Varo, Julio. _950148 |
|
| 245 | 1 | 0 |
_aLaurel de cruzada / _cJulio Fernández Varo. |
| 260 |
_aBilbao : _b[s.n., _c1950] ( _fTall. Escuelas de la J. de P. Monores) |
||
| 300 |
_a102 p. ; _c22 cm. |
||
| 852 |
_aES-MaACL _j1920-F-22 _bR.29980 |
||
| 999 |
_c62999 _d62999 |
||